000 00741nam a2200229Ii 4500
003 JO-AjNU
008 230605s9999||||xx |||||||||||||| ||und||
017 _a2014/7/3153
020 _a978-9957-16-889-6
040 _aJO-AjNU
_bara
_erda
_cJO-AjNU
041 _aara
050 1 4 _aK4460.4.S438.2015
100 3 _a الشوابكة ، سالم محمد ,
_eauthor
_950655
245 0 0 _aالمالية العامة والتشريعات الضريبية
250 _aط1
264 3 1 _aعمان : دار الثقافة ، 2015
300 _a272ص
336 _atext
_btxt
_2rdacontent
337 _aunmediated
_bn
_2rdamedia
338 _avolume
_bnc
_2rdacarrier
650 4 _aالمالية -- الضرائب -- النفقات
_950656
999 _aA22327
_c25895
_d25895